Điều tra tình hình nhiễm porcine parvovirus ở heo tại thành phố Cần Thơ bằng kỹ thuật elisa và phản ứng ức chế ngưng kết hồng cầu : Luận văn Thạc sĩ Khoa học Nông nghiệp. Chuyên ngành: Thú y

Đề tài thông qua điều tra, kỹ thuật ELISA, phản ứng HI để nghiên cứu tình hình nhiễm và ảnh hưởng porcine parvovirus ở heo tại Thành phố Cần Thơ hiện nay. Xác định và đánh giá sự phân bố kháng thể kháng PPV và thông qua đó bước đầu đánh gia...

Full description

Saved in:
Bibliographic Details
Main Author: Dương, Thị Hương Thơm
Format: Book
Language:Undetermined
Published: Cần Thơ Trường Đại học Cần Thơ 2008
Subjects:
Tags: Add Tag
No Tags, Be the first to tag this record!
Institutions: Trung tâm Học liệu Trường Đại học Cần Thơ
LEADER 01627nam a2200229Ia 4500
001 CTU_139403
008 210402s9999 xx 000 0 und d
082 |a 636.40896 
082 |b Th463 
088 |a 60640101 
100 |a Dương, Thị Hương Thơm 
245 0 |a Điều tra tình hình nhiễm porcine parvovirus ở heo tại thành phố Cần Thơ bằng kỹ thuật elisa và phản ứng ức chế ngưng kết hồng cầu : 
245 0 |b Luận văn Thạc sĩ Khoa học Nông nghiệp. Chuyên ngành: Thú y 
245 0 |c Dương Thị Hương Thơm; Nguyễn Đức Hiền (Giáo viên hướng dẫn) 
260 |a Cần Thơ 
260 |b Trường Đại học Cần Thơ 
260 |c 2008 
520 |a Đề tài thông qua điều tra, kỹ thuật ELISA, phản ứng HI để nghiên cứu tình hình nhiễm và ảnh hưởng porcine parvovirus ở heo tại Thành phố Cần Thơ hiện nay. Xác định và đánh giá sự phân bố kháng thể kháng PPV và thông qua đó bước đầu đánh giá khả năng bảo hộ của vaccine đối với PPV tại các trại và hộ nuôi cá thể, so sánh tính tương quan giữa kỹ thuật ELISA và phản ứng HI trong xét nghiệm huyết thanh heo xác định tỉ lệ nhiễm PPV 
650 |a Heo (lợn),Swine,Porcine parvovirus 
650 |x Bệnh,Diseases 
904 |i Năm 
980 |a Trung tâm Học liệu Trường Đại học Cần Thơ